Central Library OPAC University of Rajshahi

The German giants : (Record no. 14583)

MARC details
000 -LEADER
fixed length control field 01004cam a2200301 a 4500
001 - CONTROL NUMBER
control field 14583
003 - CONTROL NUMBER IDENTIFIER
rucl marc code BD-RjUL
005 - DATE AND TIME OF LATEST TRANSACTION
control field 20211208235644.0
008 - FIXED-LENGTH DATA ELEMENTS--GENERAL INFORMATION
fixed length control field 140206s1969 enkah b 001 0 eng d
020 ## - INTERNATIONAL STANDARD BOOK NUMBER
International Standard Book Number 0370000374
035 ## - SYSTEM CONTROL NUMBER
System control number (BD-RjUL)14636
040 ## - CATALOGING SOURCE
Original cataloging agency LC
Language of cataloging eng
Transcribing agency LC
Modifying agency LC
-- BD-RjUL
041 ## - LANGUAGE CODE
Language code of text/sound track or separate title eng
082 00 - DEWEY DECIMAL CLASSIFICATION NUMBER
Classification number 623.74630943
Author mark and year HAG 1969
100 1# - MAIN ENTRY--PERSONAL NAME
Personal name Haddow, G. W.
Fuller form of name (George William)
9 (RLIN) 45465
245 14 - TITLE STATEMENT
Title The German giants :
Remainder of title the story of the R-planes, 1914-1919 /
Statement of responsibility, etc. by G. W. Haddow & Peter M. Grosz.
250 ## - EDITION STATEMENT
Edition statement 2nd ed.
260 ## - PUBLICATION, DISTRIBUTION, ETC. (IMPRINT)
Place of publication, distribution, etc. London :
Name of publisher, distributor, etc. Putnam,
Date of publication, distribution, etc. 1969.
300 ## - PHYSICAL DESCRIPTION
Pagination ix, 310 p. :
Illustrations illus., facsims.
Size 29 cm.
504 ## - BIBLIOGRAPHY, ETC. NOTE
Bibliography, etc Bibliography: p. 303-304. and index.
650 #0 - SUBJECT ADDED ENTRY--TOPICAL TERM
Topical term or geographic name as entry element Bombers
Geographic subdivision Germany.
9 (RLIN) 45466
Topical term or geographic name as entry element World War, 1914-1918
General subdivision Aerial operations, German.
9 (RLIN) 45467
Topical term or geographic name as entry element Aeronautics, Military
Geographic subdivision Germany.
9 (RLIN) 45468
700 1# - ADDED ENTRY--PERSONAL NAME
Personal name Grosz, Peter M.
Fuller form of name (Peter Michael),
Dates associated with a name 1926-,
Relator term joint author.
942 ## - ADDED ENTRY ELEMENTS (KOHA)
Source of classification or shelving scheme Dewey Decimal Classification
Koha item type Books
Holdings
Lost status Source of classification or shelving scheme Damaged status Not for loan Collection code Permanent Location Current Location Shelving location Date acquired Source of acquisition Cost, normal purchase price Total Checkouts Full call number Date last seen Copy number Koha item type
  Dewey Decimal Classification   Not For Loan Non-fiction Central Library, University of Rajshahi Central Library, University of Rajshahi Reading Room 16/04/1974 Book centre 115.50   623.74630943 HAG 1969 06/02/2014 C-1 Books